|
|
|
|
| LEADER |
00000nab a2200000 a 4500 |
| 001 |
vtls000747800 |
| 003 |
SK-MaSNL |
| 005 |
20260410043930.0 |
| 008 |
140507c2000 xo 0 slo |
| 015 |
|
|
|a SNBRB2001/02-06201
|
| 035 |
|
|
|a CLN000099629
|
| 040 |
|
|
|a SNKBUCL
|b slo
|c SNKBUCL
|e AACR2
|
| 041 |
0 |
|
|a slo
|
| 044 |
|
|
|a xo
|c SK
|
| 080 |
|
|
|a 304(437.6)
|2 1997
|
| 080 |
|
|
|a 308(437.6)
|2 1997
|
| 080 |
|
|
|a 330.59(437.6)
|2 1997
|
| 080 |
|
|
|a 364.1(437.6)
|2 1997
|
| 100 |
1 |
|
|a Kusá, Zuzana,
|d 1957-
|4 aut
|9 1636571
|
| 245 |
1 |
0 |
|a O chudobe a vkuse
|c Zuzana Kusá
|
| 650 |
0 |
7 |
|a chudoba
|z Slovensko
|2 snkbucl
|9 534134
|
| 655 |
|
7 |
|a články z novín a časopisov
|2 snkbucl
|9 267496
|
| 773 |
0 |
|
|t Kultúrny život
|g Roč. 1, č. 9 (2000), s. 10
|x 1335-6976
|
| 850 |
|
|
|a Slovenská národná knižnica v Martine
|
| 852 |
|
|
|a SNK
|b KIS3GCP
|
| 958 |
|
|
|a SK
|
| 992 |
|
|
|a RBX
|
| 999 |
|
|
|c 1438468
|d 1440398
|